Statistics for Ice type Pokemon

Click here to take the quiz!

General Stats

  • This quiz has been taken 2,101 times
    (1,864 since last reset)
  • The average score is 26 of 36

Answer Stats

Secondary TypePokemon% Correct
FlyingArticuno
91%
PsychicJynx
88%
WaterDewgong
87%
WaterLapras
87%
GrassAbomasnow
83%
GhostFroslass
83%
NoneGlalie
83%
NoneSnorunt
83%
DarkSneasel
82%
GroundPiloswine
81%
GroundSwinub
81%
DarkWeavile
79%
GroundMamoswine
78%
GrassSnover
78%
WaterCloyster
77%
DragonBlack Kyurem
75%
DragonKyurem
75%
WaterSpheal
75%
DragonWhite Kyurem
75%
WaterWalrein
74%
WaterSealeo
73%
PsychicSmoochum
72%
FlyingDelibird
70%
NoneBeartic
67%
NoneCubchoo
66%
ElectricRotom
66%
NoneGlaceon
64%
NoneCryogonal
63%
NoneVanillish
63%
NoneVanillite
63%
NoneVanilluxe
63%
NoneAvalugg
61%
NoneRegice
60%
RockAurorus
57%
NoneBergmite
57%
RockAmaura
55%

Score Distribution

Percentile by Number Answered

Percent of People with Each Score

Your Score History

You have not taken this quiz since the last reset